[Event "DEM U10/U10w 2008"]
[Site "Willingen GER"]
[Date "2008.05.11"]
[Round "1"]
[White "Padelt, Aaron"]
[Black "Richter, Leonard"]
[Result "0-1"]
[Termination "normal"]
[Board "16"]
[WhiteElo "1023"]
[BlackElo "1379"]
[PlyCount "88"]
[BlackFideId "12900290"]
[EventCountry "GER"]
[EventRounds "11"]
[EventType "swiss"]
[EventDate "2008.05.10"]

1. d4 Nf6 2. c4 c5 3. Nf3 cxd4 4. Nxd4 Nc6 5. Nc3 d5 6. Bg5 dxc4 7. Bxf6 exf6
8. e3 Ne5 9. Bxc4 Nxc4 10. Qa4+ Bd7 11. Qxc4 Rc8 12. Qe2 Bb4 13. Rc1 Qa5 14.
Qd3 Bxc3+ 15. bxc3 Qxa2 16. Qe4+ Be6 17. Qxb7 O-O 18. O-O Bd5 19. Qd7 Rfd8 20.
Qg4 Be6 21. Qg3 Rd7 22. Rfd1 Bb3 23. Ra1 Qb2 24. Rab1 Qxc3 25. Qg4 Bxd1 26.
Rxd1 Rcd8 27. h3 a5 28. Rb1 Qc7 29. Nb3 Qc2 30. Rc1 Rd1+ 31. Rxd1 Qxd1+ 32.
Qxd1 Rxd1+ 33. Kh2 a4 34. Nd4 a3 35. Nb5 a2 36. Nc3 a1=Q 37. Nxd1 Qxd1 38. e4
g5 39. f3 Kg7 40. Kg3 Qg1 41. h4 gxh4+ 42. Kxh4 Qh2+ 43. Kg4 h5+ 44. Kf5 Qe5#
0-1

[Event "DEM U10/U10w 2008"]
[Site "Willingen GER"]
[Date "2008.05.11"]
[Round "1"]
[White "Wolff, Christopher"]
[Black "Böhme, Mathis"]
[Result "1/2-1/2"]
[Termination "normal"]
[Board "17"]
[WhiteElo "1373"]
[BlackElo "1019"]
[PlyCount "33"]
[BlackFideId "12900443"]
[EventCountry "GER"]
[EventRounds "11"]
[EventType "swiss"]
[EventDate "2008.05.10"]

1. e4 d5 2. exd5 Nf6 3. Nc3 Nxd5 4. Bc4 Nxc3 5. bxc3 Nc6 6. d4 e5 7. Ne2 Be7 8.
O-O O-O 9. Rb1 Bf6 10. Be3 Rb8 11. Bd3 Be6 12. a4 Qd7 13. Qd2 Rfd8 14. Rfd1 b6
15. Bb5 Qd6 16. f3 Ra8 17. Ba6 1/2-1/2

[Event "DEM U10/U10w 2008"]
[Site "Willingen GER"]
[Date "2008.05.11"]
[Round "1"]
[White "Wanner, Lukas"]
[Black "Wiesner, Paula"]
[Result "0-1"]
[Termination "normal"]
[Board "18"]
[WhiteElo "1001"]
[BlackElo "1364"]
[PlyCount "120"]
[WhiteFideId "12918148"]
[BlackFideId "24654019"]
[EventCountry "GER"]
[EventRounds "11"]
[EventType "swiss"]
[EventDate "2008.05.10"]

1. d4 d5 2. c4 e6 3. Nf3 Nf6 4. Nc3 Be7 5. Bf4 O-O 6. e3 b6 7. Bd3 Bb7 8. O-O
a6 9. cxd5 exd5 10. Rc1 Nbd7 11. Ne2 c5 12. h3 Rc8 13. a3 Rc6 14. Ne5 Nxe5 15.
Bxe5 Bd6 16. Bxf6 Qxf6 17. Qc2 h6 18. Qd2 Rfc8 19. Rfd1 R6c7 20. dxc5 bxc5 21.
Ng3 Bxg3 22. fxg3 Rd8 23. b4 Rdc8 24. bxc5 Rxc5 25. Rxc5 Rxc5 26. Rf1 Qe7 27.
Qe2 Ra5 28. Rb1 Rxa3 29. Rd1 Rc3 30. Qb2 Qxe3+ 31. Kh2 Rxd3 32. Rxd3 Qxd3 33.
Qxb7 d4 34. Qc8+ Kh7 35. Qb7 f6 36. Qb6 Qc4 37. Qb1+ d3 38. Qf1 Qe4 39. Qb1 Qe2
40. h4 Qc2 41. Qf1 d2 42. Qxa6 d1=Q 43. Qb7 Qd6 44. Qf3 Qdc6 45. Qf1 Q6e4 46.
Kh3 Qf5+ 47. Qxf5+ Qxf5+ 48. g4 Qd3+ 49. g3 Qd1 50. g5 fxg5 51. hxg5 hxg5 52.
Kg2 g4 53. Kh2 Qe2+ 54. Kg1 Kg6 55. Kh1 Kf5 56. Kg1 Ke4 57. Kh1 Kf3 58. Kg1
Qf2+ 59. Kh1 Qf1+ 60. Kh2 Qg2# 0-1

[Event "DEM U10/U10w 2008"]
[Site "Willingen GER"]
[Date "2008.05.11"]
[Round "1"]
[White "Hösch, Peter"]
[Black "Riehle, Marco"]
[Result "0-1"]
[Termination "normal"]
[Board "19"]
[WhiteElo "1340"]
[BlackElo "1000"]
[PlyCount "74"]
[BlackFideId "12904392"]
[EventCountry "GER"]
[EventRounds "11"]
[EventType "swiss"]
[EventDate "2008.05.10"]

1. e4 e5 2. Nf3 Nc6 3. d4 exd4 4. Nxd4 Bc5 5. Nxc6 bxc6 6. Bf4 d6 7. e5 d5 8.
Nc3 Bf5 9. Bd3 Ne7 10. Na4 Qb8 11. O-O Bb6 12. Rc1 O-O 13. c4 Bxd3 14. Qxd3 Ng6
15. Bg3 Qb7 16. b4 a5 17. c5 axb4 18. cxb6 Rxa4 19. Qb3 Rfa8 20. Rc2 Qxb6 21.
Rfc1 Ra3 22. Rxc6 Rxb3 23. Rxb6 Rxg3 24. Rxg6 Rxg6 25. Rxc7 Kf8 26. g3 Rb6 27.
Rc5 Rxa2 28. Rxd5 b3 29. Rd1 b2 30. Kg2 Ra1 31. Rxa1 bxa1=Q 32. f4 Rb2+ 33. Kh3
g6 34. Kg4 h6 35. h4 Qd1+ 36. Kh3 h5 37. f5 Qg4# 0-1

[Event "DEM U10/U10w 2008"]
[Site "Willingen GER"]
[Date "2008.05.11"]
[Round "1"]
[White "Marach, Jonas"]
[Black "Storch, Domenic"]
[Result "0-1"]
[Termination "normal"]
[Board "20"]
[WhiteElo "1000"]
[BlackElo "1338"]
[PlyCount "64"]
[WhiteFideId "1270493"]
[BlackFideId "16200470"]
[EventCountry "GER"]
[EventRounds "11"]
[EventType "swiss"]
[EventDate "2008.05.10"]

1. e4 c5 2. Bc4 Nc6 3. Nf3 e6 4. Nc3 Nge7 5. d3 d5 6. Bb5 a6 7. Bxc6+ bxc6 8.
Bf4 Ng6 9. Bg3 Be7 10. d4 Bb7 11. Ne5 Nxe5 12. Bxe5 f6 13. Bg3 Qb6 14. dxc5
Bxc5 15. Ne2 g5 16. O-O O-O 17. e5 f5 18. h3 Kh8 19. Qd2 Rg8 20. h4 f4 21. Bh2
f3 22. gxf3 gxh4+ 23. Kh1 Raf8 24. Ng1 d4 25. Qh6 d3 26. Qxh4 Bd4 27. Rad1 a5
28. c4 c5 29. Rxd3 Rg6 30. b3 Qc6 31. Qe7 Rxf3 32. Nxf3 Qxf3+ 0-1

[Event "DEM U10/U10w 2008"]
[Site "Willingen GER"]
[Date "2008.05.11"]
[Round "1"]
[White "Hirschmann, Jakob"]
[Black "Janke, Hendrik"]
[Result "1-0"]
[Termination "normal"]
[Board "21"]
[WhiteElo "1335"]
[BlackElo "999"]
[PlyCount "37"]
[WhiteFideId "24652067"]
[BlackFideId "12921831"]
[EventCountry "GER"]
[EventRounds "11"]
[EventType "swiss"]
[EventDate "2008.05.10"]

1. e4 e5 2. Nf3 Nc6 3. Bc4 Bc5 4. d3 d6 5. h3 Bd7 6. Nc3 Qe7 7. Nd5 Qd8 8. Be3
Bxe3 9. fxe3 Nf6 10. Nxf6+ Qxf6 11. O-O Qg6 12. Nh4 Qg5 13. Bxf7+ Ke7 14. Qh5
Qxe3+ 15. Kh2 g6 16. Qf3 Qh6 17. Qf6+ Kf8 18. Bxg6+ Kg8 19. Qf7# 1-0

[Event "DEM U10/U10w 2008"]
[Site "Willingen GER"]
[Date "2008.05.11"]
[Round "1"]
[White "Hümmecke, Sarah"]
[Black "Dürr, Florian"]
[Result "0-1"]
[Termination "normal"]
[Board "22"]
[WhiteElo "997"]
[BlackElo "1325"]
[PlyCount "80"]
[BlackFideId "24659134"]
[EventCountry "GER"]
[EventRounds "11"]
[EventType "swiss"]
[EventDate "2008.05.10"]

1. e4 e6 2. d4 d5 3. exd5 exd5 4. Bd2 Bd6 5. Bd3 Nf6 6. Bg5 h6 7. Bxf6 Qxf6 8.
Qf3 Qxd4 9. c3 Qb6 10. Qxd5 Be6 11. Qb5+ Nd7 12. Qxb6 Nxb6 13. Nf3 O-O 14. O-O
Rad8 15. Be2 Rfe8 16. Re1 c6 17. Nbd2 Na4 18. b3 Nxc3 19. Bc4 Bd5 20. Kf1 Rxe1+
21. Nxe1 Bxh2 22. Bxd5 Rxd5 23. Ndf3 Bf4 24. g3 Bd2 25. Nxd2 Rxd2 26. Kg2 Rxa2
27. Rc1 Ne4 28. Rd1 Rxf2+ 29. Kg1 Rd2 30. Ra1 a6 31. Nf3 Rd3 32. Kg2 Rxb3 33.
Re1 Rb2+ 34. Kh3 Nf2+ 35. Kg2 Nd3+ 36. Kf1 Rf2+ 37. Kg1 Rxf3 38. Re8+ Kh7 39.
Kh2 Nf2 40. Kg2 Rf5 0-1

[Event "DEM U10/U10w 2008"]
[Site "Willingen GER"]
[Date "2008.05.11"]
[Round "1"]
[White "Wendland, Tobias"]
[Black "Baberz, Alexander"]
[Result "0-1"]
[Termination "normal"]
[Board "23"]
[WhiteElo "1314"]
[BlackElo "984"]
[PlyCount "116"]
[WhiteFideId "24662267"]
[BlackFideId "12921734"]
[EventCountry "GER"]
[EventRounds "11"]
[EventType "swiss"]
[EventDate "2008.05.10"]

1. d4 d5 2. c4 c6 3. Nc3 Nf6 4. Nf3 e6 5. e3 Bd6 6. Bd3 Nbd7 7. O-O O-O 8. Qe2
Qe7 9. b3 Re8 10. Bb2 e5 11. Bc2 e4 12. Nd2 b6 13. Rfc1 Bb7 14. a3 c5 15. dxc5
bxc5 16. cxd5 Bxd5 17. Nxd5 Nxd5 18. Nxe4 Be5 19. Bxe5 Qxe5 20. Qb5 Qc7 21. Rd1
N5f6 22. Nxf6+ Nxf6 23. Rac1 Ng4 24. Bf5 Qxh2+ 25. Kf1 Qh1+ 26. Ke2 Qxg2 27.
Bxg4 Qxg4+ 28. Kf1 Qf3 29. Qxc5 h6 30. Ke1 Rec8 31. Qe5 Rxc1 32. Rxc1 Qh1+ 33.
Kd2 Rd8+ 34. Kc2 Rc8+ 35. Kd3 Qxc1 36. Ke2 Rc2+ 37. Kf3 Qd1+ 38. Ke4 Rxf2 39.
Qe8+ Kh7 40. Ke5 Re2 41. Kf5 Rxe3 42. Qxe3 h5 43. Qe4 Qf1+ 44. Kg5+ g6 45. Qf4
Qxf4+ 46. Kxf4 Kh6 47. b4 g5+ 48. Kg3 h4+ 49. Kh3 f5 50. a4 Kh5 51. b5 f4 52.
a5 g4+ 53. Kg2 f3+ 54. Kf1 h3 55. b6 axb6 56. a6 h2 57. a7 h1=Q+ 58. Kf2 Qa1
0-1

[Event "DEM U10/U10w 2008"]
[Site "Willingen GER"]
[Date "2008.05.11"]
[Round "1"]
[White "Brandl, Lea Maria"]
[Black "Scholz, Robert"]
[Result "1/2-1/2"]
[Termination "normal"]
[Board "24"]
[WhiteElo "972"]
[BlackElo "1295"]
[PlyCount "52"]
[WhiteFideId "24693049"]
[BlackFideId "1270301"]
[EventCountry "GER"]
[EventRounds "11"]
[EventType "swiss"]
[EventDate "2008.05.10"]

1. d4 d5 2. c4 dxc4 3. Nc3 Nf6 4. Nf3 Bf5 5. Bg5 h6 6. Bxf6 exf6 7. e4 Bg4 8.
Be2 Bb4 9. Qa4+ Nc6 10. d5 Bxc3+ 11. bxc3 Bd7 12. dxc6 Bxc6 13. Qxc4 O-O 14.
O-O Re8 15. Rad1 Qe7 16. Rfe1 Qxe4 17. Qxe4 Rxe4 18. Bd3 Ra4 19. Nd4 Rxa2 20.
Nxc6 bxc6 21. Re3 Rb2 22. Rde1 Rbb8 23. Be4 Rb6 24. Bd3 Rbb8 25. Be4 Rb6 26.
Bd3 Rbb8 1/2-1/2

[Event "DEM U10/U10w 2008"]
[Site "Willingen GER"]
[Date "2008.05.11"]
[Round "1"]
[White "Hoppe, Jonas"]
[Black "Boes, Julian"]
[Result "1-0"]
[Termination "normal"]
[Board "25"]
[WhiteElo "1280"]
[BlackElo "966"]
[PlyCount "41"]
[BlackFideId "12907723"]
[EventCountry "GER"]
[EventRounds "11"]
[EventType "swiss"]
[EventDate "2008.05.10"]

1. e4 e5 2. Nf3 Nf6 3. Nxe5 d6 4. Nf3 Nxe4 5. d4 Bf5 6. Bd3 d5 7. O-O Bd6 8.
Re1 O-O 9. c4 Bb4 10. Nbd2 Nxd2 11. Bxd2 Bxd2 12. Qxd2 Bxd3 13. Qxd3 Nc6 14.
cxd5 Qxd5 15. Rec1 Rad8 16. Rd1 Rd7 17. Rd2 Rfd8 18. Re1 h6 19. Rde2 Nxd4 20.
Re8+ Rxe8 21. Rxe8# 1-0

[Event "DEM U10/U10w 2008"]
[Site "Willingen GER"]
[Date "2008.05.11"]
[Round "1"]
[White "Moses, Selina"]
[Black "Müller, Constantin"]
[Result "0-1"]
[Termination "normal"]
[Board "26"]
[WhiteElo "954"]
[BlackElo "1275"]
[PlyCount "58"]
[WhiteFideId "12908070"]
[BlackFideId "24697630"]
[EventCountry "GER"]
[EventRounds "11"]
[EventType "swiss"]
[EventDate "2008.05.10"]

1. e4 e6 2. Nf3 d5 3. exd5 exd5 4. Be2 Bd6 5. Nc3 c6 6. d4 Nf6 7. Bg5 Bf5 8.
Qd2 Nbd7 9. O-O-O Qc7 10. Bxf6 Bf4 11. Qxf4 Qxf4+ 12. Kb1 Nxf6 13. Rhe1 O-O-O
14. Ne5 Nd7 15. Nxf7 Bxc2+ 16. Kxc2 Qxf7 17. Bg4 Qg6+ 18. Kc1 Qxg4 19. g3 Rhe8
20. Kb1 Rxe1 21. Rxe1 Qg6+ 22. Kc1 Re8 23. Rxe8+ Qxe8 24. Kb1 Nb6 25. Kc1 Nc4
26. Kb1 Qe1+ 27. Kc2 Qd2+ 28. Kb3 Qxb2+ 29. Ka4 Qxa2+ 0-1

[Event "DEM U10/U10w 2008"]
[Site "Willingen GER"]
[Date "2008.05.11"]
[Round "1"]
[White "Bardosch, Karl"]
[Black "Truong, Van Trang"]
[Result "1-0"]
[Termination "normal"]
[Board "27"]
[WhiteElo "1274"]
[BlackElo "950"]
[PlyCount "47"]
[WhiteFideId "24696480"]
[EventCountry "GER"]
[EventRounds "11"]
[EventType "swiss"]
[EventDate "2008.05.10"]

1. e4 e5 2. Nc3 Nf6 3. f4 Nc6 4. Nf3 exf4 5. d4 Bb4 6. Bxf4 Nxe4 7. Qe2 d5 8.
Qe3 O-O 9. Be2 Re8 10. Ne5 f6 11. Nxc6 bxc6 12. Qd3 Qe7 13. O-O Nxc3 14. bxc3
Bxc3 15. Qxc3 Qxe2 16. Rae1 Qh5 17. Qxc6 Rxe1 18. Rxe1 Bb7 19. Qxb7 Re8 20.
Rxe8+ Qxe8 21. Qxd5+ Kh8 22. h3 Qe1+ 23. Kh2 Qf2 24. Qa8# 1-0

[Event "DEM U10/U10w 2008"]
[Site "Willingen GER"]
[Date "2008.05.11"]
[Round "1"]
[White "Heinemann, Josefine"]
[Black "Engert, Marvin"]
[Result "1/2-1/2"]
[Termination "normal"]
[Board "28"]
[WhiteElo "941"]
[BlackElo "1271"]
[PlyCount "58"]
[WhiteFideId "12900460"]
[BlackFideId "12901164"]
[EventCountry "GER"]
[EventRounds "11"]
[EventType "swiss"]
[EventDate "2008.05.10"]

1. e4 e5 2. Nf3 Nc6 3. d4 d6 4. Bb5 Bd7 5. d5 Nce7 6. Bxd7+ Qxd7 7. Nc3 c6 8.
Be3 f5 9. Qd3 Nf6 10. dxc6 bxc6 11. Rd1 Rd8 12. O-O h6 13. exf5 Nxf5 14. Bxa7
c5 15. Bb6 Rb8 16. Nd5 Nxd5 17. Qxd5 Nd4 18. Nxd4 cxd4 19. Bxd4 exd4 20. Rfe1+
Kd8 21. Qa5+ Kc8 22. Qa6+ Qb7 23. Qc4+ Qc7 24. Re8+ Kb7 25. Qb5+ Ka8 26. Qa6+
Qa7 27. Qc6+ Qb7 28. Qa4+ Qa7 29. Qc6+ Qb7 1/2-1/2

[Event "DEM U10/U10w 2008"]
[Site "Willingen GER"]
[Date "2008.05.11"]
[Round "1"]
[White "Sabirov, Ramil"]
[Black "Reksten, Lisa"]
[Result "1-0"]
[Termination "normal"]
[Board "29"]
[WhiteElo "1270"]
[BlackElo "936"]
[PlyCount "95"]
[WhiteFideId "12900303"]
[EventCountry "GER"]
[EventRounds "11"]
[EventType "swiss"]
[EventDate "2008.05.10"]

1. e4 e5 2. Nf3 Nc6 3. Bb5 Bc5 4. d3 Nf6 5. O-O Nxe4 6. Bxc6 bxc6 7. Nxe5 Qf6
8. d4 Bd6 9. Qe2 Qf5 10. f3 Bxe5 11. fxe4 Qg6 12. dxe5 c5 13. Qf3 O-O 14. Qf5
Bb7 15. Nd2 Rad8 16. c4 Rfe8 17. Re1 Qe6 18. Qxe6 Rxe6 19. Nf3 Rg6 20. Bg5 Re8
21. Rad1 Bc6 22. h3 h6 23. Bh4 f6 24. Bf2 fxe5 25. Bxc5 a6 26. Nh4 Rf6 27. Nf5
d6 28. Bf2 Bxe4 29. Nxh6+ Rxh6 30. Rxe4 Rb8 31. b3 c6 32. c5 dxc5 33. Bxc5 Re6
34. Rde1 Rb5 35. Rxe5 Rxe5 36. Rxe5 Rb7 37. Re8+ Kh7 38. Ra8 Rb5 39. b4 a5 40.
Rxa5 Rxa5 41. bxa5 Kh6 42. a6 Kh7 43. a7 Kh6 44. a8=Q Kh7 45. Qxc6 Kg8 46. Qg6
Kh8 47. Bf8 Kg8 48. Qxg7# 1-0

[Event "DEM U10/U10w 2008"]
[Site "Willingen GER"]
[Date "2008.05.11"]
[Round "1"]
[White "Buttgereit, Vincent"]
[Black "Palm, Sören"]
[Result "0-1"]
[Termination "normal"]
[Board "30"]
[WhiteElo "928"]
[BlackElo "1261"]
[PlyCount "50"]
[BlackFideId "12925853"]
[EventCountry "GER"]
[EventRounds "11"]
[EventType "swiss"]
[EventDate "2008.05.10"]

1. e4 e6 2. d4 d5 3. Nc3 Bb4 4. Bd3 Nc6 5. Nf3 Nge7 6. e5 O-O 7. Ng5 h6 8. Qh5
Ng6 9. Bxg6 fxg6 10. Qxg6 hxg5 11. Bxg5 Qe8 12. Qxe8 Rxe8 13. O-O Nxd4 14. Na4
Bd7 15. c3 Bxa4 16. cxb4 Bb5 17. Rfd1 Ne2+ 18. Kh1 Rf8 19. Be3 Rad8 20. Bc5 Rf5
21. g4 Rxe5 22. Be7 Rd7 23. Bh4 d4 24. a4 Bc6+ 25. f3 Bxf3# 0-1

[Event "DEM U10/U10w 2008"]
[Site "Willingen GER"]
[Date "2008.05.11"]
[Round "1"]
[White "Riasanow, Nikita"]
[Black "Oelfke, Nils Lukas"]
[Result "1-0"]
[Termination "normal"]
[Board "31"]
[WhiteElo "1259"]
[BlackElo "921"]
[PlyCount "89"]
[EventCountry "GER"]
[EventRounds "11"]
[EventType "swiss"]
[EventDate "2008.05.10"]

1. e4 e5 2. Nf3 Nf6 3. Nxe5 d6 4. Nf3 Nxe4 5. d4 d5 6. Bd3 Be7 7. O-O O-O 8.
Re1 Nf6 9. h3 c5 10. c3 Nc6 11. dxc5 Bxc5 12. Bg5 h6 13. Bh4 Be6 14. Nbd2 Re8
15. Qc2 Re7 16. Bxf6 gxf6 17. Qc1 Qb6 18. Rf1 Rae8 19. Nb3 Kg7 20. Qf4 Rg8 21.
Nxc5 Qxc5 22. Nd4 Nxd4 23. Qxd4 Qxd4 24. cxd4 Kh8 25. Kh2 Rg5 26. Rae1 Re8 27.
f4 Rgg8 28. Bb5 Rc8 29. f5 a6 30. fxe6 axb5 31. exf7 Rgf8 32. Rxf6 Kg7 33. Ree6
Rxf7 34. Rxf7+ Kxf7 35. Rd6 Rc2 36. b3 Rxa2 37. Rxd5 Rd2 38. Rxb5 Rxd4 39.
Rxb7+ Ke6 40. Rb6+ Rd6 41. Rxd6+ Kxd6 42. Kg3 Kc5 43. Kg4 Kb4 44. Kh5 Kxb3 45.
Kxh6 1-0

[Event "DEM U10/U10w 2008"]
[Site "Willingen GER"]
[Date "2008.05.11"]
[Round "1"]
[White "Keller, Peter"]
[Black "Schwarz, Larissa"]
[Result "1-0"]
[Termination "normal"]
[Board "33"]
[WhiteElo "1217"]
[BlackElo "898"]
[PlyCount "71"]
[WhiteFideId "1272105"]
[BlackFideId "24699004"]
[EventCountry "GER"]
[EventRounds "11"]
[EventType "swiss"]
[EventDate "2008.05.10"]

1. e4 c5 2. c3 Nf6 3. e5 Nd5 4. d4 cxd4 5. cxd4 Nc6 6. Nc3 Nxc3 7. bxc3 d5 8.
Nf3 Bg4 9. Bb5 e6 10. Qa4 Qd7 11. Rb1 a6 12. Bxc6 Qxc6 13. Qxc6+ bxc6 14. Rb6
Kd7 15. Rb7+ Ke8 16. Bg5 Bxf3 17. gxf3 h6 18. Be3 Be7 19. Ke2 f6 20. f4 f5 21.
Rc7 Kf7 22. Rxc6 Rhc8 23. Rxc8 Rxc8 24. Kd2 Ba3 25. Rb1 Kg6 26. Rb3 Bf8 27. Rb6
Ra8 28. Rxe6+ Kh7 29. Kc2 a5 30. Rc6 Rb8 31. Bc1 Ra8 32. c4 Rd8 33. c5 Rb8 34.
Rb6 Rc8 35. Kb3 Rc7 36. Ka4 1-0

[Event "DEM U10/U10w 2008"]
[Site "Willingen GER"]
[Date "2008.05.11"]
[Round "1"]
[White "Gerken, Frieso"]
[Black "Reimers, Juri"]
[Result "1-0"]
[Termination "normal"]
[Board "34"]
[WhiteElo "878"]
[BlackElo "1207"]
[PlyCount "56"]
[WhiteFideId "1270505"]
[BlackFideId "24661511"]
[EventCountry "GER"]
[EventRounds "11"]
[EventType "swiss"]
[EventDate "2008.05.10"]

1. e4 e5 2. Nf3 Nf6 3. Nc3 Nc6 4. Bc4 Bb4 5. O-O O-O 6. d3 d6 7. Bg5 h6 8. Bh4
Bg4 9. h3 Bh5 10. Nd5 Kh7 11. Bxf6 gxf6 12. c3 Bc5 13. b4 Bb6 14. a4 a6 15. g4
Rg8 16. Kh2 Bg6 17. Nh4 Rf8 18. f4 Kh8 19. Nf5 Bxf5 20. gxf5 Ba7 21. Qh5 Kh7
22. Qh4 Kg7 23. Rg1+ Bxg1+ 24. Rxg1+ Kh7 25. Nxf6+ Qxf6 26. Qxf6 Rg8 27. Qxf7+
Kh8 28. Rxg8+ Rxg8 1-0

[Event "DEM U10/U10w 2008"]
[Site "Willingen GER"]
[Date "2008.05.11"]
[Round "1"]
[White "Weber, Sandra"]
[Black "Sadjjadi, Anahita"]
[Result "1-0"]
[Termination "normal"]
[Board "35"]
[WhiteElo "1195"]
[BlackElo "863"]
[PlyCount "69"]
[WhiteFideId "1270049"]
[EventCountry "GER"]
[EventRounds "11"]
[EventType "swiss"]
[EventDate "2008.05.10"]

1. e4 d5 2. exd5 Qxd5 3. Nc3 Qd8 4. Nf3 Nf6 5. Bc4 Nc6 6. O-O Bg4 7. Be2 e5 8.
d3 Bb4 9. Ne4 Nxe4 10. dxe4 Qxd1 11. Rxd1 Bxf3 12. Bxf3 O-O 13. Be3 Rad8 14. c3
Be7 15. Rxd8 Rxd8 16. Rd1 Na5 17. b3 c6 18. Bxa7 Rxd1+ 19. Bxd1 c5 20. Bb6 Nc6
21. a3 c4 22. b4 Nb8 23. Be2 Nd7 24. Be3 b5 25. Bd1 Bd8 26. a4 bxa4 27. Bxa4
Nb6 28. Bxb6 Bxb6 29. Bb5 g6 30. Bxc4 Kg7 31. Kf1 f5 32. Bd5 fxe4 33. Bxe4 Kf6
34. c4 Ke6 35. c5 1-0

[Event "DEM U10/U10w 2008"]
[Site "Willingen GER"]
[Date "2008.05.11"]
[Round "1"]
[White "Döpper, Anna Berenice"]
[Black "von Ehr, Lukas"]
[Result "1-0"]
[Termination "normal"]
[Board "36"]
[WhiteElo "858"]
[BlackElo "1190"]
[PlyCount "73"]
[WhiteFideId "1271853"]
[EventCountry "GER"]
[EventRounds "11"]
[EventType "swiss"]
[EventDate "2008.05.10"]

1. e4 e5 2. d4 exd4 3. Nf3 Nc6 4. Bc4 Bb4+ 5. c3 dxc3 6. Nxc3 Nf6 7. e5 d5 8.
exf6 dxc4 9. fxg7 Bxc3+ 10. bxc3 Qxd1+ 11. Kxd1 Rg8 12. Re1+ Be6 13. Bh6 O-O-O+
14. Kc1 Rd6 15. Bf4 Rd3 16. Ne5 Nxe5 17. Bxe5 Rd5 18. f3 Kd7 19. g4 c6 20. Bf6
Rd3 21. Rd1 Rxd1+ 22. Kxd1 Bd5 23. Ke2 c5 24. h4 h6 25. g5 hxg5 26. hxg5 Ke6
27. Re1 Re8 28. Kf2+ Kd7 29. Rxe8 Kxe8 30. g8=Q+ Kd7 31. Qd8+ Ke6 32. Qe7+ Kf5
33. Qe5+ Kg6 34. Qxd5 b6 35. Qe4+ Kh5 36. Kg3 b5 37. Qh7# 1-0

[Event "DEM U10/U10w 2008"]
[Site "Willingen GER"]
[Date "2008.05.11"]
[Round "1"]
[White "Nobis, Anna"]
[Black "Hamacher, Emily"]
[Result "0-1"]
[Termination "normal"]
[Board "37"]
[WhiteElo "1189"]
[BlackElo "847"]
[PlyCount "88"]
[WhiteFideId "1270302"]
[EventCountry "GER"]
[EventRounds "11"]
[EventType "swiss"]
[EventDate "2008.05.10"]

1. e4 d5 2. exd5 Nf6 3. Nc3 Nxd5 4. Nxd5 Qxd5 5. Nf3 Nc6 6. Be2 Bf5 7. d3 O-O-O
8. Bf4 e5 9. Bd2 e4 10. dxe4 Bxe4 11. O-O g6 12. Bc3 Rg8 13. Qxd5 Bxd5 14. Rfd1
Bb4 15. Bxb4 Nxb4 16. c4 Be4 17. Nd4 c5 18. Nb5 Nc2 19. Rac1 Rge8 20. Nd6+ Rxd6
21. Rxd6 Nd4 22. Rd1 Nxe2+ 23. Kf1 Nf4 24. Rf6 Bc2 25. Rxf4 Bxd1 26. Rxf7 Be2+
27. Kg1 Bxc4 28. f4 Bxf7 29. b3 c4 30. bxc4 Bxc4 31. f5 Re2 32. fxg6 hxg6 33.
h3 b5 34. a3 a5 35. h4 b4 36. axb4 axb4 37. h5 gxh5 38. Kh2 b3 39. Kh3 b2 40.
Kh2 b1=Q 41. Kg3 Qd3+ 42. Kh2 Qh7 43. Kg3 h4+ 44. Kf3 Qf5# 0-1

[Event "DEM U10/U10w 2008"]
[Site "Willingen GER"]
[Date "2008.05.11"]
[Round "1"]
[White "Hälterlein, Anna"]
[Black "Baskin, Robert"]
[Result "0-1"]
[Termination "normal"]
[Board "38"]
[WhiteElo "841"]
[BlackElo "1186"]
[PlyCount "60"]
[BlackFideId "24662402"]
[EventCountry "GER"]
[EventRounds "11"]
[EventType "swiss"]
[EventDate "2008.05.10"]

1. d4 d5 2. c4 e6 3. Nc3 Nf6 4. Bg5 Nbd7 5. e3 Be7 6. Bd3 h6 7. Bf4 O-O 8. Nf3
c6 9. O-O b6 10. Rc1 Bb7 11. Re1 c5 12. h3 a6 13. a4 Rc8 14. b3 Re8 15. Qd2
dxc4 16. Bxc4 Bxf3 17. gxf3 Ra8 18. Qe2 Nh5 19. Be5 cxd4 20. exd4 Nxe5 21. Qxe5
Bg5 22. Rcd1 Nf4 23. Bf1 Ng6 24. Qe4 f5 25. Qd3 Nf4 26. Qc4 Rc8 27. Qxa6 Rxc3
28. Qb5 Rxf3 29. Kh2 Rxf2+ 30. Kg3 Bh4# 0-1

[Event "DEM U10/U10w 2008"]
[Site "Willingen GER"]
[Date "2008.05.11"]
[Round "1"]
[White "Hemprich, Iustus"]
[Black "Wagner, Swenja"]
[Result "1-0"]
[Termination "normal"]
[Board "39"]
[WhiteElo "1184"]
[BlackElo "832"]
[PlyCount "89"]
[BlackFideId "12900494"]
[EventCountry "GER"]
[EventRounds "11"]
[EventType "swiss"]
[EventDate "2008.05.10"]

1. e4 e5 2. d4 Nc6 3. Nf3 Bd6 4. Bc4 Nf6 5. Nc3 O-O 6. Bg5 h6 7. Bxf6 Qxf6 8.
d5 Nd4 9. O-O Bc5 10. Nxd4 exd4 11. Ne2 d6 12. Kh1 Bg4 13. f3 Bd7 14. Qd3 Qh4
15. Nxd4 c6 16. c3 a6 17. b4 Bb6 18. Rab1 cxd5 19. Bxd5 Bd8 20. Bxb7 d5 21.
Bxa8 Bc7 22. h3 Qg3 23. Kg1 Qh2+ 24. Kf2 Qg3+ 25. Ke2 Qxg2+ 26. Rf2 Qxh3 27.
Bxd5 Bg3 28. f4 Bg4+ 29. Nf3 Bxf2 30. Kxf2 Bxf3 31. Qxf3 Qh2+ 32. Ke3 Rc8 33.
Rc1 h5 34. Qf2 Qh3+ 35. Ke2 Qg4+ 36. Qf3 Qg6 37. Rh1 Rc7 38. Rxh5 a5 39. Qh3
Qa6+ 40. c4 g6 41. Rh8+ Kg7 42. Qh6+ Kf6 43. e5+ Ke7 44. Qf8+ Kd7 45. Qd8# 1-0

[Event "DEM U10/U10w 2008"]
[Site "Willingen GER"]
[Date "2008.05.11"]
[Round "1"]
[White "Müller, Max"]
[Black "Schmekel, Florian"]
[Result "1/2-1/2"]
[Termination "normal"]
[Board "40"]
[WhiteElo "800"]
[BlackElo "1182"]
[PlyCount "115"]
[WhiteFideId "12900486"]
[BlackFideId "12913456"]
[EventCountry "GER"]
[EventRounds "11"]
[EventType "swiss"]
[EventDate "2008.05.10"]

1. e4 e5 2. Nf3 Nc6 3. Bc4 Bc5 4. d3 Nf6 5. c3 d6 6. b4 Bb6 7. O-O O-O 8. Qb3
Qe8 9. Bg5 Qe7 10. Nbd2 h6 11. Bxf6 Qxf6 12. a4 a5 13. b5 Ne7 14. Rac1 Ng6 15.
Bd5 Be6 16. Bxe6 fxe6 17. d4 exd4 18. cxd4 Nf4 19. g3 Ne2+ 20. Kh1 Nxc1 21.
Rxc1 Qg6 22. Rg1 Rf7 23. e5 d5 24. Nh4 Qg4 25. Rg2 Bxd4 26. f3 Raf8 27. Qa3 b6
28. Qxf8+ Rxf8 29. fxg4 Be3 30. h3 Bd4 31. Ng6 Rf7 32. Nb3 Rf1+ 33. Kh2 Bc3 34.
Rc2 d4 35. Nxd4 Bxd4 36. Rxc7 Rf2+ 37. Kh1 Kh7 38. Nf4 Bxe5 39. Rb7 Bxf4 40.
gxf4 Rxf4 41. Re7 Rxa4 42. Rxe6 Ra1+ 43. Kg2 a4 44. Rxb6 a3 45. Ra6 a2 46. b6
Rb1 47. Rxa2 Rxb6 48. Kf3 Rb3+ 49. Kg2 g6 50. Ra7+ Kg8 51. Re7 Rb6 52. Kg3 Kf8
53. Rh7 g5 54. h4 gxh4+ 55. Kxh4 Kg8 56. Ra7 Rb2 57. Kh5 Rb6 58. Rc7 1/2-1/2